00308nam a2200133Ia 4500008004100000041000800041082001600049100001300065245005300078260001400131300000800145365000800153700001300161230718s9999 xx 000 0 und d aeng a610.03bWEB aWebsters aInternational Websters Pocket Medical Dictioanry c2001bCBS a318 cRs. aWebsters